MDQL
is popping MORE tags! Check the
thread
!
Quizzes
Events
Quiz Creation
Community
Videos
Private Events
Remove Ads
Sign In
Join for FREE
Feedback
Dark Mode
Quiz Categories
Sports
Geography
Music
Movies
Television
Just For Fun
Miscellaneous
History
Literature
Language
Science
Gaming
Entertainment
Religion
Holiday
For Kids
Quiz Lab
Recent
Popular Today
Quiz Kudos Today
Editor Picks
Curator Picks
Quizzes by...
Day
Popularity
Type
Ratings
Length
Year
Community
Subscriptions
Recent Discussions
Orange Saloon
Badges
Playlists
Quests
Create
Leaderboards
Showdown
Live 5
Trivia Bingo
Activity
Puzzle Library
Sporcle Events
Private Events
Virtual Trivia
Globe League
Become a Host
Pub Owners
SporcleCon
Opinionation
Our Games
Videos
Blog
Mobile Apps
Partnerships
Remove Ads and Go Orange
Feedback
Movies
Disney
Marvel Cinematic Universe
Movie Resume
Movie Titles
Oscar
Actor
Actress
Director
Pixar
Role
Movie Quotes
Movie Characters
Box Office
Nominee
Best Picture
Star Wars
James Bond
Horror Movies
Movies
Disney
Marvel Cinematic Universe
Movie Resume
Movie Titles
Oscar
Actor
Actress
Director
Pixar
Role
Movie Quotes
Movie Characters
Box Office
Nominee
Best Picture
Star Wars
James Bond
Horror Movies
Random Quiz
Search Sporcle
×
Quiz Lab
Quiz Lab
Movies
Role
Type in answers that appear in a list
Type in answers that appear in a list
Classic
Best Score? Go Orange.
Gary Cooper Films Stats
Can you name the film featuring Gary Cooper?
By
SporcleEXP
20m
109 Questions
531 Plays
531 Plays
531 Plays
Comments
Comments
Give Quiz Kudos
Give Quiz Kudos
-
- Ratings
hide this ad
Replay
Link that replays current quiz
Next Quiz
Link to next quiz in quiz playlist
You Got
0%
They Got
Avg Score
43%
Avg Friend Score
Upgrade to see
Score Distribution
Jump to the score distribution portion of the page
Score
0/109
Timer
20:00
0
Plays Today
Year
Film
% Correct
1952
High Noon
96.4%
1941
Sergeant York
93.8%
1936
Mr. Deeds Goes to Town
86.8%
1941
Meet John Doe
85.3%
1939
Beau Geste
83.4%
1942
The Pride of the Yankees
83.2%
1943
For Whom the Bell Tolls
79.1%
1949
The Fountainhead
77%
1957
Love in the Afternoon
71.6%
1941
Ball of Fire
70.8%
1929
The Virginian
69.9%
1954
Vera Cruz
69.9%
1940
The Westerner
69.7%
1956
Friendly Persuasion
68.7%
1930
Morocco
67%
1932
A Farewell to Arms
66.9%
1927
Wings
65%
1938
The Adventures of Marco Polo
65%
1944
Casanova Brown
63.7%
1933
Alice in Wonderland
62.9%
1945
Saratoga Trunk
62.9%
1945
Along Came Jones
61.6%
1958
Man of the West
61.2%
1935
Peter Ibbetson
59.7%
1936
The Plainsman
59.5%
1927
It
57.3%
1959
The Hanging Tree
57.1%
1961
The Naked Edge
56.9%
1950
Dallas
55.2%
1938
The Cowboy and the Lady
54.4%
1944
The Story of Dr. Wassell
54.2%
1946
Cloak and Dagger
53.9%
1954
Garden of Evil
52.5%
1947
Unconquered
52.4%
1959
They Came to Cordura
52.4%
1953
Blowing Wild
51.8%
1950
Bright Leaf
51.4%
Year
Film
% Correct
1955
The Court-Marshall of Billy Mitchell
50.1%
1948
Good Sam
49.9%
1959
The Wreck of the Mary Deare
49.5%
1940
North West Mounted Police
48.8%
1952
Springfield Rifle
48.8%
1951
Distant Drums
48.6%
1958
Ten North Frederick
47.6%
1936
Desire
46.9%
1936
The General Died at Dawn
46%
1938
Bluebeard's Eighth Wife
46%
1949
Task Force
46%
1933
Design For Living
45.6%
1939
The Real Glory
44.4%
1935
The Lives of a Bengal Lancer
44.1%
1953
Return to Paradise
43.5%
1931
Fighting Caravans
41.1%
1951
You're in the Navy Now
41.1%
1927
Nevada
40.5%
1934
Now and Forever
39.2%
1934
Operator 13
39%
1959
Alias Jesse James
38.4%
1925
Ben-Hur: A Tale of the Christ
37.7%
1937
Souls at Sea
37.7%
1951
It's a Big Country
37.1%
1932
Devil and the Deep
36.3%
1931
City Streets
36.2%
1931
I Take This Woman
35.8%
1931
His Woman
35.6%
1932
If I Had a Million
34.8%
1930
The Texan
34.3%
1926
The Winning of Barbara Worth
33.3%
1933
One Sunday Afternoon
33%
1927
Children of Divorce
32.2%
1933
Today We Live
31.8%
1935
The Wedding Night
31.6%
1930
The Spoilers
28.4%
1930
Seven Days' Leave
27.7%
Year
Film
% Correct
1928
Lilac Time
26.6%
1929
The Wolf Song
25.6%
1925
The Eagle
25.4%
1927
The Last Outlaw
25.2%
1930
A Man From Wyoming
24.9%
1930
Paramount on Parade
24.7%
1928
The Shopworn Angel
23.5%
1925
The Thundering Herd
23.4%
1930
Only the Brave
23.2%
1925
Tricks
23%
1928
Half a Bride
22.8%
1925
Wild Horse Mesa
22.6%
1928
Beau Sabreur
22.6%
1928
The First Kiss
22.6%
1925
Dick Turpin
22.4%
1927
Arizona Bound
22.4%
1936
Hollywood Boulevard
22.2%
1925
Riders of the Purple Sage
22%
1928
The Legion of the Condemned
22%
1925
The Vanishing American
21.7%
1926
Thundering Speed
21.1%
1929
Betrayal
21.1%
1925
The Trail Rider
20.5%
1925
The Drug Store Cowboy
20.5%
1926
The Johnstown Flood
20.3%
1925
North Star
20%
1926
The Enchanted Hill
19.8%
1926
A Six Shootin' Romance
19.2%
1926
Bad Man's Bluff
19.2%
1925
Warrior Gap
19%
1926
Three Pals
18.8%
1926
Watch Your Wife
18.8%
1926
Old Ironsides
17.7%
1928
Red Hair
17.7%
1928
Doomsday
17.5%
Quiz Playlist
Details
Report
Send in Message
Add To Playlist
Classic:
Type in answers that appear in a list
Quiz Source
Last Updated: Feb 16, 2017
Quiz Scoreboard
CHALLENGE
Sign Up to Join the Scoreboard
Show All
Scores
Hide
Comments
May contain spoilers
Recently Published
1-10 Letter E Words III
by El_Dandy
Language
2m
Street Fighter Characters
by Artimus82
Gaming
60s
College Basketball Coaching Resumes
by pancakes188
Sports
9m
More to Explore
Quiz From the Vault
Featured Blog Post
Where Did the Easter Bunny Come From?
hide this ad
You Might Also Like...
Tags
Movie Resume Quiz
Role Quiz
Cooper
Featuring
Gary
Today's Top Quizzes in Movies
Browse Movies
hide this ad
Today's Top Quizzes in Role
Browse Role
Top Contributed Quizzes in Movies
1
Pick 5 Posters: Directed by Spielberg
2
7-to-1: Pixar Characters
3
Hidden Star Wars Character II
4
Hidden Star Wars Character III
5
Pick 5 Posters: Lowest-Rated Spielberg
6
Hidden Star Wars Character IV
7
Sorting Actresses
8
Sorting Actors
9
Hidden Star Wars Character V
10
Pick 5 Posters: Directed by Scorsese
Explore More
Trending Topics
Anime
Marvel
NBA
Disney
Kpop
Crossword
Harry Potter
Country
Soccer
WWE
The Office
Pokémon
NFL
Song
Puzzle
hide this ad
More By:
SporcleEXP
Quiz
Plays
Rating
Category
Featured
Created
Harry Potter Deaths in Order Minefield
3,068,680
4.18
Literature
Jan 27, 2016
Sins, Dwarfs, and Spice Girls
847,297
4.42
Just For Fun
Apr 11, 2012
Ancient History Bunker
708,242
4.28
History
Jan 20, 2014
Movie Posters VI
679,069
4.37
Movies
Nov 12, 2010
Movie Posters VII
621,891
4.44
Movies
Apr 16, 2011
Go to Creator's Profile
Score Distribution
Quiz Creator Spotlight
SporcleEXP
Follow
Send a Message
Quizzes Created
-
Created Quiz Play Count
-
More By This Creator
Popular Quizzes Today
1
Find the US States - No Outlines Minefield
2
Find the Countries of Europe - No Outlines Minefield
3
Find the US States
4
The Countries of the World
5
Risky Map Clicking: Biggest States A-Z
6
US States
7
Popular People in 1961
8
Movies - When Are They Set?
More Movies Quizzes
Movie Magazines
Editor's Pick
Trending Quizzes
Risky Map Clicking: Least Populous States A-Z
1-10 Letter G Words
Countries of the World: 200 Million BC
1-10 Letter F Words
Risky Map Clicking: Next State Alphabetically
Recently Updated
Largest US Cities 1790-2010
pecheneg
Rides in Walt Disney World
pecheneg
Most Oscar Losses (Acting)
pecheneg
Beyoncé Albums
pecheneg
Leaping Animals
pecheneg
Reality TV Shows (A-Z)
bhenderson79
Rickey Henderson's Hall of Fame Teammates
pecheneg
Champions League XIs: Arsenal
pecheneg
Quick Pick: Celebrities in WWE's Hall of Fame
aduchscher
A-Z Keypad Blitz II
pecheneg
Trending Topics
Anime
Disney
Kpop
Harry Potter
NBA
Marvel
Crossword
Pokémon
The Office
Country
WWE
Song
NFL
Soccer
Puzzle
Your Account Isn't Verified!
In order to create a playlist on Sporcle, you need to verify the email address you used during registration. Go to your
Sporcle Settings
to finish the process.
Report this User
Report this user for behavior that violates our
Community Guidelines
.
Details:
Send Report
Go to the Sporcle.com Mobile Site →
Comments